| 000 | 00931nam a22002537a 4500 | ||
|---|---|---|---|
| 003 | DO-SdBNP | ||
| 005 | 20220221111342.0 | ||
| 007 | ta | ||
| 008 | 211029b2019 dr ad||| |||| 00| 0 spa d | ||
| 020 | _a9789945590982 | ||
| 040 |
_aDO-SdBNP _bspa _cBNPHU |
||
| 100 | 1 |
_aBastista Polo, Flor Esmirna _980414 |
|
| 245 | 1 | 0 |
_aReelección legislativa en República Dominicana, 1966-2016 / _cBastista Polo, Flor Esmirna De Jesús Adón, Jean David ; correción Modesto Cuesta Soriano. |
| 260 |
_aSanto Domingo : _bFundación Global Democracia y Desarrollo, _c2019. |
||
| 300 |
_a52 p. : _bil., gráficos, _c23 cm. |
||
| 490 | 1 | _aCuaderno del OPD ; | |
| 490 | 1 | _aPoder Legislativo | |
| 590 | _aInventariado, 2021 /LP | ||
| 700 | 1 |
_aJesús Adón, Jean David de _980415 |
|
| 700 | 1 |
_aCuesta Soriano, Modesto, _ecorr. _977667 |
|
| 830 | 0 |
_aCuaderno del OPD ; _pPoder Legislativo _980416 |
|
| 910 | _aLopérez | ||
| 942 |
_2ddc _cLBS1 |
||
| 999 |
_c50836 _d50836 |
||